000 00559nam a2200205Ia 4500
005 20250923145758.0
008 008 250917s9999 xx 000 0 eng d
037 _aTextual
040 _aDSWL
_beng
_cDSWL
041 _aeng
_2eng
084 _aYX;5:g, N86
_qDSWL
100 _aO'Hagan, K.
_9838859
245 0 _aCrisis Intervention in social servises
_cby K.O'Hagan
260 _aLondon
_bMacmillan
_c1986
300 _aviii,152p.
365 _aGBP
_b5.95
925 _g5.95
942 _cTEXL
_hYX;5:g, N86
999 _c1455566
_d1455566